[Event "XXVI Elekes Mem IM"]
[Site "Budapest HUN"]
[Date "2001.05.21"]
[Round "1"]
[White "Galyas,M"]
[Black "Wang Shuai"]
[Result "0-1"]
[WhiteElo "2371"]
[BlackElo "2156"]

1.d4 Nf6 2.Nf3 e6 3.c4 b6 4.a3 Bb7 5.Nc3 d5 6.cxd5 Nxd5 7.e3 Nd7 8.Bd3 c5
9.O-O cxd4 10.exd4 Be7 11.Qe2 O-O 12.Ne4 Qc7 13.Neg5 h6 14.Nxe6 fxe6 15.Qxe6+ Rf7
16.Bg6 Rf8 17.Ne5 Nxe5 18.dxe5 Bc5 19.Be3 Qe7 20.Bxf7+ Rxf7 21.Qxe7 Bxe7
22.Rfe1 Rf5 23.e6 Rf6 24.Bd4 Rg6 25.Be5 Rxe6 26.Bg3 Rxe1+ 27.Rxe1 a5 28.Be5 Kf7
29.g3 Nf6 30.Rc1 Nd5 31.Bd4 g5 32.f3 b5 33.Kf2 h5 34.Re1 Bd6 35.Rc1 Nf6 36.Bb6 g4
37.Bc7 Be7 38.fxg4 Nxg4+ 39.Ke2 a4 40.Bf4 Bd5 41.h3 Nf6 42.Kf2 Ne4+ 43.Kg1 Ng5
44.Bxg5 Bxg5 45.Rc2 Ke6 46.Kf2 Bc4 47.Ke1 Ke5 48.Rg2 Ke4 49.Rc2 Be3 50.Rh2 Kf3
51.g4 h4 52.Rc2 Bf4 53.Rc3+ Kg2 54.Kd1 Bh6 55.Kc2 Bf4 56.Kb1 Bd2  0-1

[Event "TCh-YUG Women"]
[Site "Herceg Novi YUG"]
[Date "2001.05.22"]
[Round "9"]
[White "Alexandrova,O"]
[Black "Maric,A"]
[Result "1/2-1/2"]
[WhiteElo "2419"]
[BlackElo "2446"]

1.d4 Nf6 2.c4 e6 3.Nf3 b6 4.a3 Bb7 5.Nc3 d5 6.cxd5 Nxd5 7.Qc2 Nxc3 8.Qxc3 Be7
9.Bf4 Bd6 10.Bxd6 cxd6 11.g3 O-O 12.Bg2 Nd7 13.O-O Rc8 14.Qd2 Nf6 15.Rfc1 Qd7
16.Ne1 Bxg2 17.Kxg2 Rxc1 18.Rxc1 Rc8  1/2-1/2

[Event "XXVI Elekes Mem IM"]
[Site "Budapest HUN"]
[Date "2001.05.25"]
[Round "5"]
[White "Lorincz,I"]
[Black "Somogyi,I"]
[Result "1/2-1/2"]
[WhiteElo "2350"]
[BlackElo "2243"]

1.d4 Nf6 2.c4 e6 3.Nf3 b6 4.a3 Bb7 5.Nc3 d5 6.Bg5 Be7 7.Qa4+ Qd7 8.Qxd7+ Nbxd7
9.Nb5 Bd8 10.cxd5 Bxd5 11.Rc1 c5 12.Bxf6 gxf6 13.e4 Bc6 14.Nc3 Bb7 15.d5 Bc7
16.Bc4 Ke7 17.O-O a6 18.a4 Ne5 19.Nxe5 Bxe5 20.f4 Bd4+ 21.Kh1 Rad8 22.dxe6 fxe6
23.f5 exf5 24.Bd5 Bxc3 25.Bxb7 Bxb2 26.Rc2  1/2-1/2

[Event "XXVI Elekes Mem IM"]
[Site "Budapest HUN"]
[Date "2001.05.26"]
[Round "6"]
[White "Galyas,M"]
[Black "Medvegy,N"]
[Result "1/2-1/2"]
[WhiteElo "2371"]
[BlackElo "2346"]

1.d4 Nf6 2.Nf3 e6 3.c4 b6 4.a3 Bb7 5.Nc3 d5 6.cxd5 Nxd5 7.Qc2 Be7 8.e4 Nxc3
9.bxc3 O-O 10.Bd3 c5 11.O-O Qc8 12.Qe2 cxd4 13.cxd4 Ba6 14.Bb2 Bxd3 15.Qxd3 Qa6
16.Qe3 Nd7 17.Rfd1 Rfd8 18.d5 exd5 19.Rxd5  1/2-1/2

[Event "Master Open"]
[Site "Lausanne SUI"]
[Date "2001.05.26"]
[Round "7"]
[White "Cheparinov,I"]
[Black "Tukmakov,V"]
[Result "1-0"]
[WhiteElo "2444"]
[BlackElo "2604"]

1.d4 Nf6 2.c4 e6 3.Nf3 b6 4.a3 Bb7 5.Nc3 g6 6.Bg5 h6 7.Bh4 Bg7 8.e3 O-O 9.Bd3 d6
10.O-O g5 11.Bg3 Nh5 12.d5 Qe7 13.Nd4 Nxg3 14.hxg3 a5 15.Nc2 exd5 16.cxd5 f5
17.g4 fxg4 18.Qxg4 Nd7 19.Bf5 Ne5 20.Be6+ Kh8 21.Qe2 Ng6 22.Qh5 Rf6 23.Qh3 Ba6
24.Rfd1 Ne5 25.e4 Ng6 26.g3 Qf8 27.Bf5 Ne7 28.Ne3 Re8 29.Rd2 Nxf5 30.Nxf5 Bc8
31.g4 Rf7 32.Kg2 Kh7 33.Qd3 Bxf5 34.exf5 Bxc3 35.Qxc3 Qe7 36.Qf3 Qe4 37.Rd3 Re5
38.Re3 Qxd5 39.Qxd5 Rxd5 40.Re6 h5 41.Rh1 h4 42.f4 Rd2+ 43.Kf3 Rd3+ 44.Ke2  1-0

[Event "XXVI Elekes Mem IM"]
[Site "Budapest HUN"]
[Date "2001.05.28"]
[Round "8"]
[White "Galyas,M"]
[Black "Lorincz,I"]
[Result "1/2-1/2"]
[WhiteElo "2371"]
[BlackElo "2350"]

1.d4 Nf6 2.c4 e6 3.Nf3 b6 4.a3 Ba6 5.Qc2 Bb7 6.Nc3 c5 7.e4 cxd4 8.Nxd4 Nc6
9.Nxc6 Bxc6 10.Bf4 Be7 11.Bd3 Nh5 12.Bd2 Qc7 13.g3 Rc8 14.O-O-O O-O 15.f4 g6
16.Rhf1 f5 17.exf5 exf5 18.Rfe1 Bf6 19.Kb1 Ng7 20.Nd5 Bxd5 21.cxd5 Qxc2+
22.Bxc2 b5 23.Bb4 Rfe8 24.Bd3 a6 25.Rc1 Kf7 26.Rxe8 Rxc1+ 27.Kxc1 Nxe8 28.a4 Nc7
29.d6 Nd5 30.Bc5 Bd8 31.axb5 axb5 32.Bxb5 Nb6 33.Kd2 Ke6 34.Kd3 Kd5 35.b4 h6
36.h4 Nc8 37.Bxd7 Nxd6 38.Bxd6 Kxd6 39.Be8 g5 40.fxg5 hxg5 41.h5 Ke7 42.Bg6 Bc7
43.Bxf5 Bxg3 44.Bg4  1/2-1/2

[Event "IX Guillermo Garcia Mem Alfil"]
[Site "Santa Clara CUB"]
[Date "2001.05.29"]
[Round "6"]
[White "Almeida,O"]
[Black "Garcia Martinez,S"]
[Result "1-0"]
[WhiteElo "2426"]
[BlackElo "2378"]

1.d4 Nf6 2.c4 e6 3.Nf3 b6 4.a3 Ba6 5.Qc2 Bb7 6.Nc3 c5 7.e4 cxd4 8.Nxd4 Nc6
9.Nxc6 Bxc6 10.Be2 Qb8 11.f4 h5 12.b4 a5 13.Rb1 axb4 14.axb4 Be7 15.O-O Qc7
16.h3 d6 17.Qd3 h4 18.Be3 O-O 19.Bf3 Ra3 20.Bc1 Raa8 21.Bd2 Rfc8 22.Rfc1 Ra3
23.Qe2 Qb8 24.Be1 Ne8 25.Bf2 Bf6 26.Qe1 Bd7 27.Nb5 Ra4 28.Qe3 Ra6 29.Nd4 Ra2
30.Nb3 Ra4 31.Qd2 Bc6 32.Nd4 Bb7 33.Nb5 Qa8 34.Qd3 Ra6 35.Re1 Be7 36.Nd4 Ra3
37.Qc2 Ra2 38.Qd3 Ra3 39.Rb3 Rxb3 40.Qxb3 Nc7 41.b5 Ne8 42.Nc2 Bd8 43.Nb4 Qb8
44.Rc1 d5 45.exd5 Qxf4 46.Be3 Qg3 47.Nc6 exd5 48.cxd5 Nd6 49.Bf2 Qf4 50.Re1 Bf6
51.Bxb6 Nf5 52.Qb4 Qxb4 53.Nxb4 Bc3 54.Rb1 Rc4 55.Nc6  1-0

[Event "XXVI Elekes Mem IM"]
[Site "Budapest HUN"]
[Date "2001.05.31"]
[Round "11"]
[White "Lorincz,I"]
[Black "Medvegy,N"]
[Result "1/2-1/2"]
[WhiteElo "2350"]
[BlackElo "2346"]

1.d4 Nf6 2.c4 e6 3.Nf3 b6 4.a3 Bb7 5.Nc3 d5 6.Bg5 Be7 7.e3 O-O 8.Rc1 Nbd7
9.cxd5 exd5 10.Bd3 c5 11.dxc5 Nxc5 12.O-O Nfe4 13.Bxe7 Qxe7 14.Be2 Rfd8 15.Nd4 Rac8
16.Bg4 Nxc3 17.Rxc3 Ne6 18.Rxc8 Rxc8 19.Qd2 Rc4 20.Be2 Rc8 21.Bg4 Rc4 22.b3 Rc7
23.b4 Nxd4 24.exd4 Bc8 25.Re1 Qd8 26.Qe2 Kf8 27.Bf3 Be6 28.h3 Rc4 29.Qe5 h6
30.Re3 Rc1+ 31.Kh2 Qc7 32.Bg4 Bxg4 33.hxg4 f6 34.Qxc7 Rxc7 35.Kg3 Rc4 36.Rd3 Kf7
37.Kf4 Ke6 38.g3 Rc2 39.Kf3 Rc4 40.Ke3 Rc2 41.f4 Kf7 42.f5 Ke7 43.Kf4 Kd6
44.Kf3 Rc4 45.b5 Rc2 46.Rb3 Rc4 47.Ke3 Rc2 48.Kf3 Kc7 49.Re3 Kd7 50.Rb3 Rd2
51.Ke3 Rd1 52.Rb4 Kc7 53.Ke2 Rg1 54.Rb3 Rg2+ 55.Kf3 Rd2 56.Ke3 Ra2 57.Kf3 Ra1
58.Re3 Kd7 59.Rb3 Re1 60.Rb4 Kc7 61.Rb3 Re4 62.Re3 Rxe3+  1/2-1/2

[Event "2nd IECC"]
[Site "Ohrid MKD"]
[Date "2001.06.01"]
[Round "1"]
[White "Kocovski,I"]
[Black "Timoscenko,G"]
[Result "0-1"]
[WhiteElo "2324"]
[BlackElo "2531"]

1.d4 Nf6 2.c4 e6 3.Nf3 b6 4.a3 Ba6 5.Qb3 d5 6.cxd5 exd5 7.Bg5 Be7 8.Nc3 c6
9.Bxf6 Bxf6 10.O-O-O O-O 11.e4 Bxf1 12.Rhxf1 dxe4 13.Nxe4 Nd7 14.Ne5 Bxe5
15.dxe5 Qe7 16.f4 Nc5 17.Qc4 Nxe4 18.Qxe4 c5 19.f5 Rfe8 20.Rfe1 Rad8 21.Rxd8 Rxd8
22.f6 gxf6 23.exf6 Qxf6 24.Re3 Qd6 25.Qg4+ Kf8 26.Rg3 Qd2+ 27.Kb1 Qd1+ 28.Qxd1 Rxd1+
29.Kc2 Rd4 30.Kc3 Rh4 31.h3 Re4 32.Kd3 Rd4+ 33.Kc3 Rf4 34.b4 cxb4+ 35.axb4 Ke7
36.Rg8 Kd6 37.Ra8 Kc6 38.Rxa7 Kb5 39.Rb7 h5 40.g3 Rf3+ 41.Kc2 Rxg3 42.Rxf7 Ka4
43.h4 Rg4 44.Rh7 Rxh4 45.Kc3 Kb5 46.Rh6 Rc4+ 47.Kb3 Rxb4+ 48.Kc3 Rc4+ 49.Kb3 Rh4
50.Rf6 Rh3+ 51.Kb2 Ka5 52.Rf5+ b5 53.Rf4 Re3 54.Rh4 Re5 55.Kb3 Rc5 56.Rf4 Rd5
57.Rf8 Kb6 58.Kb4 Rd4+ 59.Kc3 Rd5 60.Kb4 Kc6 61.Rh8 Kd6 62.Kc3 Ke7 63.Rh6 Kf7
64.Ra6 Kg7 65.Ra1 Kh6 66.Ra8 h4 67.Rg8 Kh5 68.Rg1 h3  0-1

[Event "It"]
[Site "Bibinje CRO"]
[Date "2001.06.03"]
[Round "3"]
[White "Bilobrk,F"]
[Black "Polak,T"]
[Result "1/2-1/2"]
[WhiteElo "2372"]
[BlackElo "2503"]

1.d4 Nf6 2.Nf3 e6 3.c4 b6 4.a3 Bb7 5.Nc3 g6 6.d5 Bg7 7.e4 O-O 8.Be2 d6 9.O-O Qe7
10.Rb1 c5 11.h3 Nbd7 12.Bg5 h6 13.Be3 a6 14.Qd2 Kh7 15.Bd3 Rac8 16.a4 Rce8
17.Rbe1 Qd8  1/2-1/2

[Event "ch-IND"]
[Site "New Delhi IND"]
[Date "2001.06.03"]
[Round "4"]
[White "Prakash,G"]
[Black "Kunte,A"]
[Result "1/2-1/2"]
[WhiteElo "2453"]
[BlackElo "2568"]

1.d4 Nf6 2.c4 e6 3.Nf3 b6 4.a3 c5 5.d5 Ba6 6.Qc2 g6 7.g3 Bg7 8.Bg2 exd5 9.cxd5 O-O
10.Nc3 d6 11.O-O Re8 12.Re1 b5 13.h3 Nbd7 14.Bf4 Qb6 15.e4 Rac8 16.Be3 Qb7
17.Bf1 Nb8 18.Nd2 b4 19.Nd1 Bxf1 20.Kxf1 b3 21.Qc4 Nbd7 22.Bf4 Nb6 23.Qb5 a6
24.Qxb3 c4 25.Qc2 Qd7 26.g4 h5 27.f3 hxg4 28.hxg4 Nxg4 29.fxg4 Qxg4 30.Bh2 Qh3+
31.Kg1 Bd4+ 32.Kh1 Nxd5 33.Rf1 Nf6 34.Rf3 Qh4 35.Rf4 Qe1+  1/2-1/2

[Event "2nd IECC"]
[Site "Ohrid MKD"]
[Date "2001.06.03"]
[Round "3"]
[White "Khenkin,I"]
[Black "Timoshenko,G"]
[Result "0-1"]
[WhiteElo "2609"]
[BlackElo "2537"]

1.d4 Nf6 2.c4 e6 3.Nf3 b6 4.a3 Ba6 5.Qc2 Bb7 6.Nc3 c5 7.e4 cxd4 8.Nxd4 Bc5
9.Nb3 Nc6 10.Bf4 O-O 11.O-O-O e5 12.Bg5 Nd4 13.Nxd4 Bxd4 14.Bd3 Bxc3 15.bxc3 h6
16.Bh4 Qe7 17.Kb2 Qe6 18.f3 Rfc8 19.Rd2 Ne8 20.Rhd1 d6 21.Bf1 Rc7 22.Bf2 Qc8
23.Ka1 Ba6 24.c5 bxc5 25.Qa4 Bxf1 26.Rxf1 Rb7 27.Rb1 Rb6 28.Qc4 Rab8 29.Rdb2 Nc7
30.Be3 Qb7 31.Rxb6 axb6 32.Kb2 Ra8 33.Rd1 Qc6 34.Qb3 b5 35.Kc2 Ra4 36.Rb1 Qa6
37.Bc1 b4 38.axb4 c4  0-1

[Event "2nd IECC"]
[Site "Ohrid MKD"]
[Date "2001.06.04"]
[Round "4"]
[White "Kizov,A"]
[Black "Ionov,S"]
[Result "0-1"]
[WhiteElo "2368"]
[BlackElo "2505"]

1.d4 Nf6 2.c4 e6 3.Nf3 b6 4.a3 c5 5.d5 Ba6 6.Qb3 exd5 7.cxd5 d6 8.Nc3 g6
9.Bf4 Bg7 10.Qa4+ b5 11.Nxb5 O-O 12.Nc3 Qb6 13.Bd2 Nbd7 14.e3 Bxf1 15.Kxf1 Rab8
16.Rb1 Qb7 17.e4 Nb6 18.Qc2 Nc4 19.g3 Qb3 20.Qxb3 Rxb3 21.Kg2 Rfb8 22.Rhc1 Ng4
23.Nd1 Nxb2 24.Nxb2 Bxb2 25.Rc2 Ne5 26.Nxe5 Bxe5 27.Rxb3 Rxb3 28.a4 f5 29.f4 Rb2
30.Rxb2 Bxb2 31.e5 dxe5 32.fxe5 Bxe5 33.Kf3 Kf7 34.Be3 Bd4 35.Bf4 Kf6 36.h4 a6
37.Ke2 Be5 38.Bg5+ Kf7 39.Kf3 c4 40.g4 Bf6 41.gxf5 Bxg5 42.hxg5 gxf5 43.Ke3 c3
44.Kd3 Kg6 45.Kxc3 Kxg5 46.Kd4 Kf6  0-1

[Event "2nd IECC"]
[Site "Ohrid MKD"]
[Date "2001.06.06"]
[Round "6"]
[White "Zlochevskij,A"]
[Black "Thorfinnsson,Br"]
[Result "1/2-1/2"]
[WhiteElo "2469"]
[BlackElo "2292"]

1.d4 Nf6 2.c4 e6 3.Nf3 b6 4.a3 Bb7 5.Nc3 d5 6.Bg5 Be7 7.Qa4+ c6 8.Bxf6 Bxf6
9.cxd5 exd5 10.g3 O-O 11.Bg2 c5 12.Rd1 Nd7 13.O-O Re8 14.Rfe1 a6 15.Qc2 Rc8
16.e3 Qc7 17.Rc1 g6 18.Red1 c4 19.b3  1/2-1/2

[Event "2nd IECC"]
[Site "Ohrid MKD"]
[Date "2001.06.06"]
[Round "6"]
[White "Lastin,A"]
[Black "Romanishin,O"]
[Result "1/2-1/2"]
[WhiteElo "2627"]
[BlackElo "2559"]

1.Nf3 Nf6 2.c4 e6 3.d4 b6 4.a3 Bb7 5.Nc3 Ne4 6.Nxe4 Bxe4 7.Nd2 Bg6 8.g3 Be7
9.Bg2 d5 10.O-O O-O 11.b4 c6 12.Bb2 Nd7 13.e4 Rc8 14.Re1 Nf6 15.e5 Ne8 16.Rc1 Nc7
17.h4 h6 18.cxd5 Nxd5 19.Ne4 a5 20.bxa5 bxa5 21.Nc5 Qb6 22.Ba1 Rfd8 23.Bh3 Rb8
24.Qd2 Qa7 25.Qe2 Kh8 26.Qf3 Bf8 27.Bf1 a4 28.Qd1 Bxc5 29.Rxc5 Rb1 30.Qd2 Rxe1
31.Qxe1 Qb7 32.Qc1 Ne7  1/2-1/2

[Event "It"]
[Site "Bibinje CRO"]
[Date "2001.06.09"]
[Round "8"]
[White "Bilobrk,F"]
[Black "Sax,G"]
[Result "0-1"]
[WhiteElo "2372"]
[BlackElo "2563"]

1.d4 Nf6 2.Nf3 e6 3.c4 b6 4.a3 c5 5.d5 Ba6 6.Qc2 exd5 7.cxd5 g6 8.Nc3 Bg7
9.g3 O-O 10.Bg2 d6 11.O-O b5 12.Rd1 Nbd7 13.Bf4 Qb6 14.h3 Rfe8 15.e4 Rac8
16.Re1 b4 17.Na4 Qb8 18.Rad1 Bb5 19.g4 Nxe4 20.Rxe4 Rxe4 21.Qxe4 Bxa4 22.Rd2 Re8
23.Bxd6 Rxe4 24.Bxb8 Nxb8  0-1

[Event "It"]
[Site "Bibinje CRO"]
[Date "2001.06.09"]
[Round "8"]
[White "Biliskov,V"]
[Black "Bistric,F"]
[Result "0-1"]
[WhiteElo "2321"]
[BlackElo "2454"]

1.d4 Nf6 2.Nf3 e6 3.c4 b6 4.a3 c5 5.d5 Ba6 6.Qc2 exd5 7.cxd5 Be7 8.Nc3 O-O
9.e4 Bxf1 10.Kxf1 d6 11.g3 a6 12.Kg2 Nbd7 13.Bf4 b5 14.Rhe1 Ng4 15.h3 Nge5
16.Bxe5 Nxe5 17.Nxe5 dxe5 18.Nd1 c4 19.b3 Rc8 20.bxc4 Rxc4 21.Qb3 Qa5 22.Re2 Rfc8
23.Raa2 g6 24.h4 Qa4 25.Qxa4 Rxa4 26.Re3 b4 27.Rd3 Bd6 28.Ne3 Rxa3 29.Rdxa3 bxa3
30.Nc2 Rc3 31.Kf1 Kg7 32.Ke2 f5 33.exf5 gxf5 34.Ne3 Kf6 35.Rc2  0-1

[Event "2nd IECC"]
[Site "Ohrid MKD"]
[Date "2001.06.09"]
[Round "8"]
[White "Kuzmin,G"]
[Black "Ionov,S"]
[Result "1-0"]
[WhiteElo "2569"]
[BlackElo "2505"]

1.d4 Nf6 2.c4 e6 3.Nf3 b6 4.a3 Ba6 5.e3 Be7 6.Bd3 d5 7.cxd5 Bxd3 8.Qxd3 exd5
9.Nc3 O-O 10.O-O Nbd7 11.Ne5 Bd6 12.f4 Qc8 13.Bd2 c5 14.Be1 Qb7 15.Bh4 cxd4
16.Nxd7 Qxd7 17.Bxf6 dxc3 18.Bxc3 Qe6 19.Rad1 Bc5 20.Rf3 Rfe8 21.Kf2 Rad8
22.Rg3 f6 23.b4 Bf8 24.Rh3 g6 25.f5 Qf7 26.Rf3 g5 27.h4 gxh4 28.Qd4 Bd6 29.Qxf6 Bg3+
30.Ke2 Qxf6 31.Bxf6 Rd6 32.Bd4 Rc6 33.f6 Kf7 34.Rf5 Rd8 35.Rg5 Ke6 36.Rg7 Rd7
37.Rf1 Rf7 38.Rxf7 Kxf7 39.Kd3 Rc7 40.Rf5 Ke6 41.Rh5 b5 42.Rg5 Rc8 43.Rg7 Rc7
44.Rg8 Bd6 45.Rd8 Rf7 46.Ke2 Rc7 47.Re8+ Kf7 48.Rh8 Ke6 49.Kf3 Kf5 50.Rd8 Ke6
51.Kg4 Bg3 52.Kg5 Be1 53.Re8+ Kf7 54.Re5 Rd7 55.Kf5 a5 56.Bc5 axb4 57.axb4 Bc3
58.Re7+ Rxe7 59.fxe7 Bb2 60.e8=Q+ Kxe8 61.Ke6 Bc3 62.Kd6 Be1 63.Kc6 Kd8 64.Bb6+ Kc8
65.Bc5 Bg3 66.Kxd5 Kd7 67.e4 Kc7 68.e5 Kd7 69.Bb6 h5 70.e6+ Ke7 71.Bc5+ Kf6
72.e7 Kf7 73.Kc6  1-0

[Event "2nd IECC"]
[Site "Ohrid MKD"]
[Date "2001.06.10"]
[Round "9"]
[White "Krasenkow,M"]
[Black "Gershon,A"]
[Result "1/2-1/2"]
[WhiteElo "2655"]
[BlackElo "2539"]

1.d4 Nf6 2.Nf3 e6 3.c4 b6 4.a3 Bb7 5.Nc3 d5 6.Bg5 Be7 7.Qc2 O-O 8.e3 Nbd7
9.cxd5 Nxd5 10.Bxe7 Nxe7 11.Rd1 Rc8 12.Ne4 Nd5 13.Bc4 Qe7 14.Neg5 N5f6 15.Bd3  1/2-1/2

[Event "2nd IECC"]
[Site "Ohrid MKD"]
[Date "2001.06.11"]
[Round "10"]
[White "Korchnoi,V"]
[Black "Ionov,S"]
[Result "1-0"]
[WhiteElo "2643"]
[BlackElo "2505"]

1.d4 Nf6 2.c4 e6 3.Nf3 b6 4.a3 Bb7 5.Nc3 d5 6.Bg5 Be7 7.Bxf6 Bxf6 8.cxd5 exd5
9.g3 O-O 10.Bg2 c5 11.O-O Na6 12.Qd2 Qe7 13.e3 Rfd8 14.Rfe1 Nc7 15.h4 h5
16.Kh2 g6 17.Ng1 Ne6 18.f4 Ng7 19.Nf3 Nf5 20.Ne5 Bg7 21.Qd3 a6 22.Na4 Qc7
23.Rac1 c4 24.Qe2 Bf8 25.Nc3 b5 26.Bf3 Rd6 27.Qc2 Ng7 28.b3 Qe7 29.bxc4 dxc4
30.d5 Nf5 31.e4 Nd4 32.Qf2 Nb3 33.Rcd1 Bg7 34.Nc6 Bxc6 35.e5 Bb7 36.exd6 Qxd6
37.Ne4 Qxa3 38.d6 Nc5 39.Qxc5 Qxf3 40.Qe3 Qxe3 41.Rxe3 Bxe4 42.Rxe4 Bf6 43.d7 Kg7
44.Re8 Rd8 45.Rd6 c3 46.Rxf6 Rxd7 47.Rxa6 b4 48.Rc6 Rd2+ 49.Kh3 Rb2 50.Rec8 Rd2
51.Rc4 Rb2 52.R8c7 Kf6 53.g4 hxg4+ 54.Kxg4 Rb1 55.R7c6+ Kg7 56.Rb6  1-0

[Event "zt 2.4"]
[Site "Sao Paulo BRA"]
[Date "2001.06.11"]
[Round "5"]
[White "De Souza Haro,P"]
[Black "Coelho,L"]
[Result "0-1"]
[WhiteElo "2237"]
[BlackElo "2235"]

1.d4 e6 2.Nf3 Nf6 3.c4 b6 4.a3 Ba6 5.b3 d5 6.Nbd2 Bd6 7.e3 O-O 8.Bd3 Nbd7
9.Bb2 c5 10.O-O Qc7 11.Qe2 Rfe8 12.cxd5 Bxd3 13.Qxd3 exd5 14.Rac1 Qb7 15.dxc5 bxc5
16.Qf5 Rac8 17.Rfd1 Bf8 18.Rc2 Qa6 19.Rdc1 g6 20.Qf4 Rc6 21.b4 Rec8 22.bxc5 Bxc5
23.Bxf6 Nxf6 24.Ne5 Bxe3 25.Nxc6 Bxf4 26.Ne7+ Kg7 27.Nxc8 Qd3  0-1

[Event "2nd IECC"]
[Site "Ohrid MKD"]
[Date "2001.06.13"]
[Round "12"]
[White "Kocovski,I"]
[Black "Shneider,A"]
[Result "0-1"]
[WhiteElo "2324"]
[BlackElo "2516"]

1.d4 Nf6 2.c4 e6 3.Nf3 b6 4.a3 Ba6 5.Qb3 Be7 6.Nc3 d5 7.cxd5 Nxd5 8.e4 Bxf1
9.Kxf1 Nxc3 10.bxc3 O-O 11.g3 c5 12.Kg2 Nc6 13.Be3 Na5 14.Qa2 Qd7 15.a4 Qb7
16.Nd2 cxd4 17.cxd4 Rfd8 18.f3 Bf6 19.e5 Be7 20.Rhc1 Nc6 21.Rc4 Nb4 22.Qb3 Nd5
23.Bf2 Rac8 24.Rac1 Rxc4 25.Qxc4 Bg5 26.Qe2 Bxd2 27.Qxd2 Rc8 28.Qb2 Rxc1
29.Qxc1 a6 30.g4 b5 31.axb5 axb5 32.Qc2 b4 33.Qb3 Qb5 34.Kg3 h6 35.h4 g6
36.f4 Qc6 37.Be3 Qb5 38.Kf2 Nc3 39.Qc2 Qc4 40.Bc1 b3  0-1

[Event "2nd IECC"]
[Site "Ohrid MKD"]
[Date "2001.06.14"]
[Round "13"]
[White "Mitkov,M"]
[Black "Ulker,A"]
[Result "1-0"]
[WhiteElo "2424"]
[BlackElo "2332"]

1.d4 Nf6 2.c4 e6 3.Nf3 b6 4.a3 Bb7 5.Nc3 d5 6.Bg5 Be7 7.Bxf6 Bxf6 8.cxd5 exd5
9.Qa4+ c6 10.g3 O-O 11.Bg2 Re8 12.O-O Nd7 13.Rad1 a5 14.Rfe1 b5 15.Qb3 Nb6
16.e4 dxe4 17.Nxe4 a4 18.Qc2 Nd5 19.Nc5 Bc8 20.Ne5 Bxe5 21.dxe5 Bg4 22.Rd4 Qc8
23.Be4 h6 24.f4 Ne7 25.Rd6 Ra7 26.Rc1 Rc7 27.Nd3 Qa8 28.Nb4 Rec8 29.Kg2 Qa7
30.Qc5 Qxc5 31.Rxc5 Bd7 32.Kf3 g6 33.g4 Kg7 34.Nc2 Rh8 35.Nd4 h5 36.g5 Nc8
37.Rf6 Ne7 38.Nxb5 Rb7 39.Rxf7+ Kxf7 40.Nd6+ Kg7 41.Nxb7 Rb8 42.Na5 Rxb2
43.Nxc6 Rb3+ 44.Kf2 Bxc6 45.Bxc6 Rxa3 46.Bd7 Ra2+ 47.Kf3 a3 48.Ra5 Rxh2 49.Rxa3 Rb2
50.Rd3 Kf7 51.Bh3 Rb4 52.Bd7 Rb2 53.Rd6 Rb3+ 54.Ke4 Rb4+ 55.Rd4 Rb1 56.Bh3 Re1+
57.Kf3 Ra1 58.Bd7 Rf1+ 59.Ke2 Ra1 60.Ba4 Ra3 61.Bc2 Rc3 62.Kd2 Ra3 63.Rb4 Ke6
64.Rb6+ Kf7 65.Bb3+ Kg7 66.Rb7 Kf8 67.Be6 Rf3 68.Rb4 Nc6 69.Rc4 Ne7 70.Ke2 Ra3
71.Rb4 Ra8 72.Kf3 Nc6 73.Rc4 Ne7 74.Ke4 Ra1 75.Kd4 Ra8 76.Kc5 Ra6 77.Bd7 Ra1
78.Kd6 Ra6+ 79.Kc5 Kf7 80.Rd4 Ra5+ 81.Bb5 Ra8 82.Bc4+ Kg7 83.Rd7 Kf8 84.Kd6 Nf5+
85.Ke6 Ne3 86.Be2 Ra2 87.Kf6 Kg8 88.Rd8+ Kh7 89.Bxh5 Ra6+ 90.e6 Rxe6+ 91.Kxe6 gxh5
92.Rd3 Ng2 93.Kf5  1-0

[Event "Hotel Lippa GM"]
[Site "Szentgotthard HUN"]
[Date "2001.06.14"]
[Round "2"]
[White "Farago,I"]
[Black "Fucak,E"]
[Result "1-0"]
[WhiteElo "2485"]
[BlackElo "2353"]

1.d4 Nf6 2.c4 e6 3.Nf3 b6 4.a3 Ba6 5.Qc2 d5 6.cxd5 exd5 7.Nc3 Be7 8.g3 O-O
9.Bg2 c5 10.O-O Nc6 11.Rd1 c4 12.Ng5 g6 13.Nh3 Na5 14.Bg5 Bb7 15.Nf4 Rc8
16.e3 h5 17.Bh6 Kh8 18.Bxf8 Bxf8 19.Rab1 Bg7 20.e4 dxe4 21.Nxe4 Nxe4 22.Bxe4 Bxe4
23.Qxe4 Qd6 24.Ne2 Qd7 25.Nc3 Re8 26.Qf4 Nc6 27.d5 Ne5 28.Kg2 b5 29.Re1 Kh7
30.Qe3 Rb8 31.Rbd1 b4 32.axb4 Rxb4 33.Qf4 f6 34.Re2 Qb7 35.Ne4 Nd3 36.Nxf6+ Bxf6
37.Qxf6 Qxd5+ 38.Kg1  1-0

[Event "Hotel Lippa GM"]
[Site "Szentgotthard HUN"]
[Date "2001.06.21"]
[Round "9"]
[White "Farago,I"]
[Black "Kovacs,Ga2"]
[Result "1-0"]
[WhiteElo "2485"]
[BlackElo "2366"]

1.d4 Nf6 2.c4 e6 3.Nf3 b6 4.a3 Ba6 5.Qb3 d5 6.cxd5 Qxd5 7.Qc2 c5 8.Nc3 Qd7
9.Bg5 cxd4 10.Rd1 d3 11.exd3 Be7 12.d4 Bxf1 13.Kxf1 O-O 14.h4 Nc6 15.Bxf6 Bxf6
16.Ng5 g6 17.d5 Nd4 18.dxe6 fxe6 19.Qe4 Rad8 20.Nf3 Qg7 21.Rh3 Kh8 22.Rd3 Nxf3
23.Rhxf3 Bxc3 24.Rxf8+ Qxf8 25.Rxc3 Rd1+ 26.Ke2 Qd6 27.Qc2 Rd4 28.Rc8+ Kg7
29.Rc7+ Kf6 30.Rxh7 Qd5 31.h5 Re4+ 32.Kf1 gxh5 33.Qc3+ Re5 34.Kg1 a5 35.Kh2 Qc5
36.Qd2 Rg5 37.Qd8+ Kg6 38.Qg8+ Kf5 39.Qf7+ Ke4 40.Qf3+ Kd4 41.Qe3+ Kc4 42.b3+  1-0

[Event "Open"]
[Site "Batumi GEO"]
[Date "2001.06.27"]
[Round "2"]
[White "Sturua,Z"]
[Black "Aroshidze,L"]
[Result "1/2-1/2"]
[WhiteElo "2600"]
[BlackElo "2315"]

1.d4 Nf6 2.Nf3 e6 3.c4 b6 4.a3 Bb7 5.Nc3 d5 6.cxd5 Nxd5 7.e3 Nxc3 8.bxc3 Be7
9.Bd3 O-O 10.Bb2 c5 11.O-O Nc6 12.Qe2 Rc8 13.e4 cxd4 14.cxd4 Na5 15.Rad1 Bf6
16.Rfe1 Re8 17.h3 Bc6 18.d5 exd5 19.e5 g6 20.Ba6 Rc7 21.exf6 Rxe2 22.Rxe2 h6
23.Ne5 Ba4 24.Rde1 Nc4 25.Bxc4 dxc4 26.Bc3 Qxf6 27.Re3 Qd8 28.h4 Re7 29.h5 Re6
30.hxg6 fxg6 31.f4 Qh4 32.Rf1 Kh7 33.Rh3 Qe7 34.Ng4 Qf8 35.Nxh6 Qxh6 36.Rff3 Qxh3
37.Rxh3+ Kg8 38.Rh8+ Kf7 39.Rh7+ Ke8 40.Rxa7 Bc6 41.Kf2 b5 42.Bb4 Re4 43.g3 Bd7
44.Ra8+ Kf7 45.Rf8+ Kg7 46.Rb8 Kf7 47.Rb7 Rd4 48.Ke3 Rd3+ 49.Ke4 Ke6 50.Rb6+ Kf7  1/2-1/2

[Event "Narciso Yepes"]
[Site "Lorca ESP"]
[Date "2001.06.27"]
[Round "4"]
[White "Simonenko,S"]
[Black "Del Rey,D"]
[Result "0-1"]
[WhiteElo "2452"]
[BlackElo "2373"]

1.d4 Nf6 2.Nf3 e6 3.c4 b6 4.a3 Ba6 5.Qc2 c5 6.d5 exd5 7.cxd5 g6 8.Nc3 Bg7
9.e4 Bxf1 10.Kxf1 d6 11.h3 O-O 12.Bf4 Re8 13.g4 b5 14.Re1 Qb6 15.Kg2 Nbd7
16.b3 Rac8 17.Re2 Qa6 18.Rhe1 b4 19.Nb1 bxa3 20.Qc4 Qxc4 21.bxc4 Rxe4 22.Rxe4 a2
23.Nc3 Nxe4 24.Nxa2 Re8 25.g5 f5 26.Rb1 Rb8 27.Rxb8+ Nxb8 28.Nc1 Nd7 29.Ne1 Be5
30.Bxe5 Nxe5 31.Ne2 Nxc4 32.h4 a5 33.f3 Ne3+ 34.Kg1 Nd2 35.Nc3 c4 36.Kf2 f4
37.Nb5 a4 38.Ke2 Nb1 39.Nxd6 a3 40.Nxc4 a2 41.Nxe3 a1=Q 42.N3c2 Qe5+ 43.Kf2 Qxd5
44.Kg2 Qd2+ 45.Kf1 Nc3  0-1

[Event "Narciso Yepes"]
[Site "Lorca ESP"]
[Date "2001.06.29"]
[Round "9"]
[White "Granero Roca,A"]
[Black "Lorenzini,M"]
[Result "1/2-1/2"]
[WhiteElo "2401"]
[BlackElo "2365"]

1.d4 Nf6 2.c4 e6 3.Nf3 b6 4.a3 Bb7 5.Nc3 d5 6.Qa4+ c6 7.cxd5 exd5 8.g3 Bd6
9.Bg2 O-O 10.O-O Nbd7 11.Re1 Re8 12.Bf4 Bxf4 13.gxf4 Ne4 14.Rac1 c5 15.Nxe4 dxe4
16.Ne5 Nxe5 17.dxe5 Qh4 18.Bxe4 Qg4+ 19.Kf1 b5 20.Qc2 Qh3+ 21.Kg1 Qg4+ 22.Kh1 Rab8
23.Bxb7 Rxb7 24.Qe4 Rc7 25.Rg1 Qh4 26.Qf3 c4 27.Rg4 Qd8 28.Qe4 g6 29.Rgg1 Qh4
30.Qf3 a5 31.Rgd1 Qe7 32.Rd5 Rc5 33.Rcd1 b4 34.Rd7 Qe6 35.R1d6 Qf5 36.e4 Qh5
37.Qxh5 gxh5 38.axb4 axb4 39.Rd8 Kf8 40.Rxe8+ Kxe8 41.Rd2 b3 42.Kg2 Ra5 43.Rd4 Ra4
44.Rd6 c3 45.bxc3 Rxe4 46.Rb6 Rxf4 47.Rxb3 Re4 48.Rb5 Rc4 49.Rb8+ Ke7 50.Rh8 Re4
51.Rxh7 Rxe5 52.Rg7 Re1 53.Rg3 Rc1 54.Rd3 Ke6 55.h3 Kf5 56.Kg3 f6 57.Kf3 Ke5
58.Re3+ Kf5 59.Rd3 Ke5 60.Ke3 Rc2 61.Kf3  1/2-1/2

[Event "Open"]
[Site "Andorra AND"]
[Date "2001.07.01"]
[Round "2"]
[White "Khenkin,I"]
[Black "Handke,F"]
[Result "1-0"]
[WhiteElo "2609"]
[BlackElo "2405"]

1.d4 Nf6 2.c4 e6 3.Nf3 b6 4.a3 Ba6 5.e3 Be7 6.Bd3 O-O 7.e4 d5 8.cxd5 Bxd3
9.Qxd3 exd5 10.e5 Ne4 11.Nc3 f5 12.exf6 Bxf6 13.O-O Nxc3 14.bxc3 Nc6 15.Re1 Qd7
16.Bg5 Rae8 17.Bxf6 Rxf6 18.Rxe8+ Qxe8 19.Re1 Qd7 20.Ng5 g6 21.Qe3 h6 22.Qe8+ Qxe8
23.Rxe8+ Kg7 24.Ne6+ Kf7 25.Nxc7 Ne7 26.Rxe7+  1-0

[Event "Sub-zt 2.3.2"]
[Site "Managua NCA"]
[Date "2001.07.01"]
[Round "2"]
[White "Romero,Ar"]
[Black "Bravo,W"]
[Result "1/2-1/2"]
[WhiteElo "2199"]
[BlackElo "2142"]

1.d4 Nf6 2.c4 e6 3.Nf3 b6 4.a3 Bb7 5.Nc3 Be7 6.d5 O-O 7.e4 d6 8.Bd3 e5 9.O-O Nbd7
10.b4 Nh5 11.Ne2 g6 12.Bh6 Ng7 13.Ng3 Bc8 14.Qd2 Nf6 15.h3 Nfe8 16.Nh2 f5
17.f4 exf4 18.Rxf4 Bg5 19.Bxg5 Qxg5 20.h4 Qf6 21.Raf1 g5 22.hxg5 Qxg5 23.Nxf5 Bxf5
24.exf5 Nf6 25.R4f2 Qxd2 26.Rxd2 a5 27.Nf3 axb4 28.axb4 Ra4 29.Nd4 Rxb4 30.Ne6 Rc8
31.g4 h6 32.Rh2 Rb3 33.Rxh6 Rxd3 34.Rxf6 Rg3+ 35.Kf2 Rxg4 36.Kf3 Rg3+ 37.Kxg3 Nh5+
38.Kg4 Nxf6+ 39.Kg5 Kf7 40.Kf4 Rh8 41.Ng5+ Kf8 42.Ne6+ Kf7 43.Rg1 Rh4+ 44.Kf3 Rxc4
45.Rg7+ Ke8 46.Nxc7+ Kf8 47.Ne6+ Ke8  1/2-1/2

[Event "ch-NOR"]
[Site "Kristiansund NOR"]
[Date "2001.07.09"]
[Round "3"]
[White "Tallaksen,G"]
[Black "Johannessen,LE"]
[Result "0-1"]
[WhiteElo "2239"]
[BlackElo "2426"]

1.d4 Nf6 2.c4 e6 3.Nf3 b6 4.a3 c5 5.d5 Ba6 6.Qc2 exd5 7.cxd5 g6 8.Nc3 Bg7
9.g3 O-O 10.Bg2 d6 11.O-O Re8 12.Re1 Nbd7 13.a4 Qe7 14.Nd2 Ng4 15.Nde4 Ndf6
16.Bf4 Nxe4 17.Nxe4 Ne5 18.Rad1 h6 19.Bc1 b5 20.axb5 Bxb5 21.b3 a5 22.Nc3 Ba6
23.Bb2 c4 24.Ba1 Nd3 25.Rf1 Nc5 26.bxc4 Bxc4 27.Rde1 a4 28.Bf3 Nb3 29.Ne4 Bxa1
30.Qxc4 f5 31.Nxd6 Qxd6 32.Rxa1 Nxa1 33.Rxa1 a3 34.Ra2 Kh7 35.Kg2 Reb8 36.Qc3 Rb6
37.e4 fxe4 38.Bxe4 Ra7 39.h4 h5 40.Kg1 Re7 41.Bd3 Rb2 42.Rxb2 axb2 43.Qb3 Qc5
44.Kg2 Qd4 45.Qb5 Re1 46.d6 Qxd3  0-1